000 01208nam a22002417a 4500
005 2010051504034.0
008 100515t xxu||||| |||| 00| 0 hin d
010 _aHIN-90360
020 _c400.00
_a8170640687
035 _aHN-62706
037 _bDBAD / PUB
040 _aDPL
_bHN
082 _a821.08
100 _97528
_aगोयल, संगीता
245 _aचरणदास और उनकी परंपरा में निर्गुणवादीमहिला संत (सहजोबाई और दयाबाई) की साधना का अध्ययन /
_cसंगीता गोयल
260 _aनई दिल्ली
_bआर्य पब्लिशिंग हाउस
_c2007
270 _a1569/30 नाईवाला, करोल बाग
_bनई दिल्ली
_e110005
_k011 28752745
_l011 28756921
300 _a312पृ
_c22सेमी (सजिल्द)
700 _918507
700 _918508
942 _2ddc
_cHN
_mगोयल
_h821.08
999 _c43928
_d43928